000 00861nam a2200217Ia 4500
999 _c56696
_d56696
001 23818
003 GE_BSU
005 20210419180951.0
008 181216c2018||||ge |||||||||||||| ||geo||
022 _a0134-3459
040 _cGE_BSU
041 _ageo
245 _aჭოროხი :
_b2018 : ლიტერატურულ - სამხატვრო და საზოგადოებრივი ჟურნალი /
_cმთ. რედაქტორი სანდრო ბერიძე.
260 _aბათუმი,
_c1958-
300 _av.
653 _aჭოროხი
653 _aპეროდიკა
700 _aბერიძე, სანდრო
_eმთავარი რედაქტორი
_94725
710 _aაჭარის მწერალთა სახლი
_911446
942 _cCR
_2udc